Continental Country with Closest Capital on Non-Bordering Country - Statistics

General Stats
  • This quiz has been taken 37 times
    36 since last reset
  • The average score is 14 of 39
Answer Stats
Answer % Correct
Estonia
63%
Finland
63%
Helsinki
63%
Tallinn
63%
Doha
50%
Kuwait
50%
Manama
50%
Qatar
50%
Saudi Arabia
50%
Sweden
50%
UAE
50%
Monaco
42%
Eritrea
38%
Malaysia
38%
Australia
33%
Bern
33%
Djibouti
33%
Gabon
33%
Morocco
33%
Sana'a
33%
São Tomé
33%
Singapore
33%
Tunisia
33%
Yemen
33%
Libya
29%
Nicosia
29%
St George's / Port of Spain
29%
Turkey
29%
Valletta
29%
Venezuela
29%
Lisbon
25%
Guinea-Bissau
21%
Wellington
21%
Banjul
17%
Bhutan
17%
Dhaka
17%
Nepal
13%
Bangladesh
8%
Thimphu
8%
No matching quizzes found
Score Distribution
Percent of People with Each Score
Percentile by Number Answered
Your Score History
You have not taken this quiz since the last reset